[Event "Dortmund SuperGM 24th"]
[Site "Dortmund"]
[Date "1996.07.06"]
[Round "2"]
[White "Anand, Viswanathan"]
[Black "Leko, Peter"]
[Result "1-0"]
[WhiteElo "2735"]
[BlackElo "2630"]
[Annotator "Anand,V"]
[PlyCount "77"]
[EventDate "1996.07.05"]
[EventType "tourn"]
[EventRounds "9"]
[EventCountry "GER"]
[EventCategory "18"]
[SourceTitle "CBM 054"]
[Source "ChessBase"]
[SourceDate "1996.10.01"]
[SourceVersion "1"]
[SourceVersionDate "1996.10.01"]
[SourceQuality "1"]

1. e4 {Petursson Konikowski,J Ribli Leko} c5 2. Nf3 e6 3. d4 cxd4 4. Nxd4 Nc6
5. Nc3 Qc7 6. Be2 {Leko entwickelt gern seinen Läufer auf der langen Diagonale
a8-h1, z.B.} (6. g3 {Konikowski,J} a6 7. Bg2 Nf6 8. O-O Bc5 9. Nb3 Ba7 10. Bg5
Ne5 11. Qe2 d6 12. Kh1 h6 13. Bxf6 gxf6 14. f4 Nc4 15. f5 $1 Ne3 (15... Nxb2
16. Qf3 Rf8 17. fxe6 fxe6 18. e5 $1 dxe5 19. Ne4 {mit starkem Angriff}) 16. Rf3
Nxg2 17. Kxg2 Bd7 18. fxe6 fxe6 19. Rxf6 h5 {mit sehr kompliziertem Spiel 
(Leko-Lautier, Dortmund 1995).}) 6... a6 7. O-O b5 {Leko spielt gern diese
Nebenvariante.} 8. Nxc6 dxc6 9. Bg5 $5 {Weiß hofft, dass er mit diesem Zug die
schwarze Entwicklung stören kann. Wahrscheinlich ein neuer Zug. Aber wie die
Partie zeigt, erzielt Weiß damit keine Vorteile. Üblicherweise zieht der
Läufer nach e3, so geschah in der Begegnung Hübner-Leko, Wijk aan Zee 1996,
zum Beispiel:} (9. Be3 {Ribli} Bb7 10. a4 Rd8 (10... b4 $5 {Konikowski,J}) 11.
Qe1 Be7 12. f4 b4 13. Nd1 Nf6 14. e5 Nd5 15. Qg3 g6 $10 {Huebner,R-Leko,P/Wijk/
1996/CBM51/INF65,(186)/} (15... g6 16. Bf2 c5 17. Ne3 Nxe3 18. Qxe3 O-O 19.
Rfd1 a5 20. b3 Bd5 21. Bf3 {mit Remis.})) (9. a4 b4 (9... Rb8 $5 {Ribli}) (9...
Bb7 $2 {Ribli} 10. axb5 cxb5 11. Nxb5 $1 axb5 12. Bxb5+ Ke7 13. Rxa8 Bxa8 14.
Qd4 $18 {Wang Zili-Mortensen,E/Copenhagen K41/1995/CBM48/}) 10. Nb1 Nf6 11. Bd3
Bc5 12. c3 bxc3 13. Nxc3 a5 14. Qe2 e5 15. Bg5 Bg4 $1 16. Qc2 Nd7 $13 {
Waitzkin,J-Benjamin,J/New York CITS/1996/CBM52/}) 9... Bb7 (9... Bd6 $5 10. f4
e5 11. f5 (11. Qd3 exf4 12. Rad1 h6 $1) 11... Nf6 $13) 10. Qd2 Nf6 11. Rad1 b4
$1 12. Bxf6 gxf6 13. Na4 c5 {Einerseits hat Schwarz Bauernschwächen, aber
anderseits hat er das Läuferpaar und die Möglichkeit zu aktivem Gegenspiel.}
14. Bf3 $6 (14. Nb6 $1 Rd8 15. Qxd8+ Qxd8 16. Rxd8+ Kxd8 17. f3 {/\ Ra1, a3+/=
Miles}) 14... Rg8 15. Qe3 Rg5 $1 16. b3 Bd6 17. g3 (17. h4 $1 {Leko} Rg6 (17...
Bf4 18. Qd3 Re5 19. Nb2 $16) 18. e5 Bxe5 19. Nxc5 Bxf3 20. Qxf3 Rc8 $14) 17...
Be5 $1 18. Bg2 (18. Nxc5 {erreicht Weiß nicht viel, z.B.} Bxg3 (18... Bf4 {
Konikowski,J} 19. Qd4 Rxc5 $2 (19... Qxc5 $1 20. Qd7+ Kf8 21. Qxb7 Ra7 22. Rd8+
Kg7 23. Qc8 Qxc8 (23... Rc7 24. Rg8+ Kh6 25. Rxg5 Bxg5 26. Qxa6 Qxc2 27. Bg2 {
mit weißem Mehrbauern}) 24. Rxc8 Rc7 25. Rxc7 Bxc7 26. Rd1 Ra5 27. Rd7 Bb6 28.
Rb7 Bc5 29. Rc7 Bf8 30. Kg2 Kg6 {und Schwarz hat genug Gegenspiel.}) 20. gxf4
Rxc2 21. Qxf6 {mit weißem Vorteil.}) 19. hxg3 (19. fxg3 Qxc5) 19... Rxg3+ $1
20. fxg3 Qxg3+ $10) (18. Qxc5 Bxg3 19. Qxc7 Bxc7+ $19) 18... Bd4 19. Rxd4 $8 {
Praktisch erzwungen, sonst hat Weiß eine sehr passive Stellung. Der starke
Läufer muß geschlagen werden, wenn Weiß um Vorteil kämpfen will.} cxd4 20. Qxd4
Qe7 21. h4 (21. Nb2 Rd8 22. Qe3 Qc5 $1 $15) 21... Ra5 (21... Rd8 $1 22. Qe3 Re5
) 22. Qd2 (22. Re1) 22... Rd8 23. Qh6 Bc6 24. Nb6 $8 (24. Qxh7 {Konikowski,J}
Bxa4 25. bxa4 Qc5 (25... Rxa4 $2 26. e5 $1) 26. Bf3 Rd2 {mit schwarzem Vorteil.
}) 24... Rxa2 25. Nc4 Bb5 (25... Rxc2 $5 26. Ne3 (26. Qxh7 f5 27. exf5 Bxg2 28.
Kxg2 exf5 (28... exf5 29. Qxf5 $44)) 26... Rc3 27. Ng4 Kd7 28. Nxf6+ Kc7 $15)
26. e5 f5 $6 {Der junge Großmeister vergibt damit seinen Vorteil und gerät in
Schwierigkeiten. Nach dem richtigen} (26... fxe5) (26... fxe5 $5) (26... fxe5
$1 {Konikowski,J} 27. Qxh7 (27. Nxe5 Rxc2 28. Qxh7 Rdd2 $17) 27... Qf6 {
wäre der Nachziehende klar im Vorteil.}) 27. Rc1 $1 $44 {>< Ra2} Qc5 28. Nd6+
Rxd6 29. exd6 Qxd6 (29... Rxc2 30. Rxc2 Qxc2 31. Qxh7 {/\ Ph4-h5}) 30. Bf3 $1
$14 {Ein psychologischer Fallstrick von Anand. Ich denke, Schwarz sollte hier
30...Qe5 spielen, mit unklarer Stellung. 30...Bc6 sieht aber so natuerlich aus.
} Bc6 {[#]} (30... Qd4 31. Qxh7 $14) 31. Qf4 $1 {Eine sehr unangenehme
Überraschung.} Qd7 $4 (31... Ke7 $1 32. Bxc6 Qxc6 33. Qxb4+ Qd6 34. Qc3 $14 {
>< Ra2}) (31... Qxf4 $4 32. Bxc6+ $18) (31... Kd7 {Konikowski,J} 32. Rd1 Bd5
33. Qh6 Rxc2 34. Qxh7 Qc5 35. Rxd5+ $1 (35. Qxf7+ $2 Kc8 36. Qe8+ Kc7 37. Qf7+
Kb6 $19) 35... exd5 36. Qxf5+ Ke8 37. Bxd5 f6 38. h5 {und Weiß sollte gewinnen.
}) 32. Qb8+ Ke7 33. Bxc6 {Eine Alternative wäre} (33. Rd1 {Konikowski,J} Bxf3
34. Qxb4+ Ke8 35. Qb8+ Ke7 36. Rxd7+ Kxd7 37. g4 fxg4 38. c4 a5 39. c5 {
mit weißem Vorteil.}) 33... Qxc6 34. Rd1 $1 $18 Qe8 35. Qxb4+ Kf6 36. Qd2 Qc8 {
Allows mate in 5 in a lost position Damit vergrößert Schwarz seine Probleme.
Notwendig war} (36... Qg8 $142 $1 {Obwohl Weiß besser stünde, ist ein klarer
Gewinnweg nicht zu sehen.}) 37. Qg5+ Ke5 38. Qg7+ f6 39. Qh6 1-0

[Event "Tilburg"]
[Site "Tilburg"]
[Date "1991.??.??"]
[Round "1"]
[White "Short, Nigel D"]
[Black "Anand, Viswanathan"]
[Result "0-1"]
[WhiteElo "2660"]
[BlackElo "2650"]
[Annotator "Anand,V"]
[PlyCount "118"]
[EventDate "1991.10.??"]
[EventType "tourn"]
[EventRounds "14"]
[EventCountry "NED"]
[EventCategory "17"]
[SourceTitle "CBM 026"]
[Source "ChessBase"]
[SourceDate "1992.02.01"]
[SourceVersion "1"]
[SourceVersionDate "1992.02.01"]
[SourceQuality "1"]

1. e4 {Hansen,Cu} c5 2. Nf3 Nc6 3. d4 cxd4 4. Nxd4 Qc7 5. Nc3 e6 6. g3 a6 7.
Bg2 Nf6 8. O-O Nxd4 9. Qxd4 Bc5 10. Bf4 d6 (10... Bxd4 11. Bxc7 Bxc3 12. bxc3
d5 13. exd5 Nxd5 14. Be5 (14. Ba5 $5) 14... f6 15. c4 $14) 11. Qd2 h6 12. Rad1
e5 13. Be3 Ke7 (13... Bxe3 $2 14. fxe3 $16 Ke7 $2 15. Rxf6 $18) (13... O-O 14.
Bxc5 dxc5 15. Qd6 $14) 14. f4 $1 (14. h3 Be6 $10) 14... Be6 15. fxe5 dxe5 16.
Nd5+ Bxd5 17. exd5 Rhd8 $1 $8 (17... Rad8 18. Kh1 $16 Rhe8 (18... Ne8 19. Qf2
$18 {Popovic,P-Damljanovic,B}) 19. Qc3 Kd6 (19... Bd6 20. Qxc7+ (20. Qb3 $36)
20... Bxc7 21. c4 $16) 20. Bxh6 $18) 18. Kh1 Rac8 $1 (18... Bxe3 $2 19. Qxe3
Ne8 20. c4 Qxc4 21. Qxe5+ Kf8 22. d6 $18 {Brunner,L-Fauland,A haifa 1989}) 19.
c4 (19. b4 Bxe3 20. Qxe3 Qd6 $10) (19. Bxh6 {Hansen,Cu} gxh6 20. Rxf6 Kxf6 21.
Qxh6+ Ke7 22. Rf1 Qd6 23. Qg5+ Ke8 $19) (19. c3 $5 {Hansen,Cu}) 19... Qd6 20.
Bxc5 (20. Rc1 {Hansen,Cu}) 20... Rxc5 21. Qe2 Rdc8 22. Bh3 (22. Rfe1 {Hansen,Cu
} Rxc4 23. Qxe5+ Qxe5 24. Rxe5+ Kd6 $17) 22... R8c7 23. b3 $6 (23. Rfe1 Kd8 $1
(23... Rxc4 24. Qxe5+ Qxe5 25. d6+ $1 Kf8 26. Rxe5 $18) (23... b5 24. b4 $1 $18
) (23... e4 $2 24. Rd4 $18 {/\ 25.b4,Re4}) 24. b3 (24. Qxe5 Qxe5 25. Rxe5 Rxc4
26. d6 R7c6 $10) 24... b5 25. cxb5 axb5 26. Qxe5 Qxe5 27. Rxe5 Rc1 $10) 23...
b5 24. Rf5 $6 (24. Rfe1 bxc4 (24... e4) 25. bxc4 (25. Qxe5+ $6 Qxe5 26. d6+ Kd8
27. dxc7+ Kxc7 28. Rxe5 Rxe5 29. bxc4 $17) 25... Kd8 $10 (25... e4 {Hansen,Cu}
26. Rd4 $15) (25... Rxc4 $2 26. Qxe5+ Qxe5 27. d6+ $18) 26. Qb2 (26. Rc1 Rxc4)
26... Rxc4 27. Qb8+ Ke7 $13) 24... bxc4 25. Rxe5+ Kf8 26. Re1 (26. Rf1 Rxd5)
26... g6 27. bxc4 Rxc4 28. Qb2 (28. Bf1 $1 Ra4 $15) 28... Rc2 29. Qd4 Kg7 30.
Bg2 R7c4 31. Qa1 Qa3 32. R5e3 Qxa2 33. Qxa2 Rxa2 34. Bf3 Rcc2 35. h4 Rd2 36.
Re7 Nxd5 37. Bxd5 Rxd5 38. Rf1 Rf5 39. Rxf5 gxf5 40. Rc7 a5 (40... Kg6 $19) 41.
Rc6 a4 42. Ra6 a3 43. Kg1 h5 44. Kf1 Ra1+ 45. Kg2 a2 46. Kh2 Kf8 47. Ra7 Ke8
48. Kg2 Kd8 49. Kh2 Kc8 50. Kg2 Kb8 51. Ra4 Kb7 52. Ra3 Kb6 53. Ra8 f4 $1 54.
gxf4 f5 55. Ra3 Kc5 56. Ra8 Kc4 57. Ra3 Kd4 58. Ra8 Ke4 59. Ra4+ Ke3 0-1

[Event "Interzonal-15"]
[Site "Manila"]
[Date "1990.??.??"]
[Round "10"]
[White "Anand, Viswanathan"]
[Black "Lautier, Joel"]
[Result "1-0"]
[WhiteElo "2610"]
[BlackElo "2570"]
[Annotator "Anand,V"]
[PlyCount "113"]
[EventDate "1990.06.29"]
[EventType "swiss"]
[EventRounds "13"]
[EventCountry "PHI"]
[SourceTitle "CBM 019"]
[Source "ChessBase"]
[SourceDate "1990.12.01"]
[SourceVersion "1"]
[SourceVersionDate "1990.12.01"]
[SourceQuality "1"]

1. e4 c5 2. Nf3 e6 3. d4 (3. Nc3) 3... cxd4 4. Nxd4 Nc6 5. Nc3 Qc7 6. Be2 a6 7.
f4 (7. O-O) 7... Nxd4 8. Qxd4 b5 9. a3 $5 (9. b4 Qa7 10. Qxa7 Rxa7 11. a3 Rc7
12. Bb2 Bb7 $13) (9. Be3) 9... Bb7 10. b4 Rc8 (10... Be7 $1 11. O-O d6 12. Bb2
Nf6 (12... Bf6 $15)) 11. Bd2 Be7 {/\ 12... Bh4 13. g3 Bf6-+} 12. O-O d6 13.
Rae1 $8 Nf6 (13... Bf6 14. e5 $1) 14. e5 dxe5 (14... Nd7 $1 15. exd6 Qxd6 16.
Qxd6 Bxd6 17. f5 e5 $13) 15. fxe5 Nd7 16. Qf4 $1 (16. Bd3 Qb6 $10) 16... O-O (
16... Nxe5 17. Nxb5 Qc6 18. Rf2 axb5 19. Qxe5 O-O 20. Bf3 Qc7 21. Bxb7 Qxb7 22.
Bc3 $1 $18) 17. Bd3 Nb6 (17... f5 $1 18. exf6 Qxf4 19. Rxf4 (19. Bxf4 Bxf6 20.
Ne4 $13) 19... Bxf6 20. Ne4 Bd4+ 21. Kh1 $13) 18. Qg4 g6 19. Ne4 Nc4 $2 (19...
Bxe4 20. Rxe4 Nd5 $14 {׫}) 20. Bxc4 $1 Bxe4 (20... Qxc4 21. Bh6 Bxe4 22. Bxf8
Bxf8 (22... Rxf8 23. Qxe4 $18) 23. Rxe4 Qxc2 24. Ref4 Qc7 (24... Rc7 25. Qf3
$18) 25. Rxf7 $18) 21. Rxe4 $1 (21. Bxe6 $2 Qb6+ 22. Kh1 Qxe6 23. Qxe4 Rc4 $17)
21... bxc4 22. Bh6 Rfd8 23. Qf4 $1 (23. Ref4 Bf8 24. Bxf8 (24. Rxf7 Qb6+ 25.
Kh1 Bxh6 26. Qh4 Rf8 $17) (24. Bg5 Rd7) 24... Rxf8 25. Qg5) 23... Bf8 24. Bxf8
$1 Rxf8 25. Qh6 Rcd8 26. h3 (26. Rh4 Qa7+ 27. Kh1 f5 $13) 26... Rd5 $6 (26...
Qa7+ 27. Kh1 Qc7 $1 28. Qf4 (28. Rh4 f5 $13) 28... Rc8 (28... Rd5 29. Rxc4 Qxe5
30. Qxe5 Rxe5 31. Rc6 $16) 29. Rd1 $1 {/\ Rd6+/-} (29. Rd4 f6 $5 $13 {/\} 30.
exf6 e5 31. f7+ Rxf7 32. Qxf7+ Qxf7 33. Rxf7 exd4)) 27. Rh4 f5 28. exf6 Rf5 29.
Rxf5 exf5 30. Qf4 (30. Rxc4 $1 Qb6+ 31. Rc5 Qxf6 32. Qf4 $18) 30... Qxf4 31.
Rxf4 Rc8 32. Rd4 Kf7 33. Rd6 Re8 34. Rc6 $4 (34. Kf2 f4 35. Rxa6 Re3 36. a4 Rc3
37. Rc6 Rxc2+ 38. Kf3 c3 39. a5 Rb2 40. Rxc3 Rxb4 41. Ra3 Rb7 42. a6 Ra7 43.
Kxf4 $18) 34... Re3 35. Rxa6 Rc3 36. Rc6 Rxc2 37. a4 c3 38. b5 $2 (38. a5 Rb2
39. Rxc3 Rxb4 40. Ra3 $16) 38... Ra2 39. Rxc3 Rxa4 40. Rb3 Ra7 41. b6 Rb7 42.
Kf2 Kxf6 43. Ke3 Ke5 44. h4 h6 45. h5 $2 (45. g3 g5 46. h5 $16) 45... gxh5 $2 (
45... f4+ 46. Kd3 $8 (46. Kf3 g5 $10) 46... gxh5 47. Kc4 f3 $1 48. gxf3 Kf4 49.
Kc5 Kg3 $1 50. Kc6 Rb8 51. Kc7 Rh8 52. b7 h4 $10) 46. g3 h4 47. gxh4 Kf6 48.
Kf4 Kg6 49. Rb4 Kf6 50. h5 Rg7 51. Rb1 Rb7 52. Rg1 Kf7 53. Rg6 Rd7 54. Rxh6
Rd4+ 55. Kxf5 Rd5+ 56. Ke4 Rb5 57. Rh7+ (57. Rh7+ Kg8 58. Rb7 $18) (57. Rh7+
Ke6 58. b7 $18) 1-0

[Event "Bagneux op"]
[Site "Bagneux"]
[Date "1988.07.??"]
[Round "?"]
[White "Armas, Julius"]
[Black "Tompa, Janos"]
[Result "1-0"]
[WhiteElo "2460"]
[BlackElo "2395"]
[Annotator "Armas,J"]
[PlyCount "85"]
[EventDate "1988.07.??"]
[EventType "swiss"]
[EventRounds "9"]
[EventCountry "FRA"]
[SourceTitle "EXT 2002"]
[Source "ChessBase"]
[SourceDate "2001.11.25"]
[SourceVersion "1"]
[SourceVersionDate "2001.11.25"]
[SourceQuality "1"]

1. e4 c5 2. Nf3 e6 3. d4 cxd4 4. Nxd4 Nc6 5. Nc3 Qc7 6. Be2 a6 7. O-O Nf6 8.
Kh1 Nxd4 9. Qxd4 Bc5 10. Qd3 b5 11. f4 Bb7 12. Bf3 e5 $2 (12... O-O 13. e5 Ne8
14. Bxb7 Qxb7 15. f5 f6 16. exf6 Nxf6 17. Bg5 Qc6 18. Bxf6 Rxf6 19. fxe6 Rxf1+
20. Rxf1 dxe6 21. Qe4 Rc8 22. Qxc6 Rxc6 23. Ne4 b4 24. g3 Be7 25. Rf2 Rc4 26.
Re2 Kf7 27. Kg2 Rd4 28. Kf2 Rd5 29. c4 bxc3 30. Nxc3 Ra5 31. b3 Rc5 32. Ne4 Rc1
33. Re1 Rc2+ 34. Re2 Rc1 35. Re1 Rc2+ {1/2-1/2 (35) Beliavsky,A (2630)
-Andersson,U (2600) Szirak 1987}) 13. Nd5 Nxd5 $146 (13... Bxd5 14. exd5 O-O
15. d6 Bxd6 16. Bxa8 Rxa8 17. fxe5 Bxe5 18. a4 Re8 19. axb5 axb5 20. Bg5 Bxb2
21. Rae1 Re6 22. Bxf6 Bxf6 23. Qxb5 Be5 24. Rd1 Re7 25. Qd5 g6 26. Rde1 d6 27.
c4 Qb7 28. Qb5 Kg7 29. Re2 Qc8 30. Ref2 Qb7 {1/2-1/2 (30) Sax,G-Hort,V Teeside
1975}) 14. exd5 d6 15. Bd2 O-O 16. Be4 h6 17. b4 $1 Ba7 (17... Bb6 18. fxe5
dxe5 19. Rf6 $3 {Le célèbre mat de Fischer}) 18. fxe5 Qc4 (18... dxe5 19. Rf6
) 19. Qxc4 bxc4 20. exd6 Rad8 21. Rad1 Rxd6 22. Bc3 Re8 23. Rfe1 Kf8 24. Bf3
Red8 25. Bd4 Bxd4 26. Rxd4 c3 27. Kg1 f5 28. Re3 Rc8 29. Rf4 g6 30. g4 Rc7 31.
gxf5 Rf7 32. Re6 Rdd7 33. Rxg6 Bxd5 34. Rxa6 Bxf3 35. Rxf3 Rd1+ 36. Kg2 Rd2+
37. Rf2 Rfd7 38. Rxh6 Rxf2+ 39. Kxf2 Rd2+ 40. Ke3 Rxc2 41. Kd3 Rxa2 42. Kxc3
Rf2 43. Re6 {Source: "De l'Est-à l'Ouest sur l'échiquier" (2018)} 1-0

[Event "EU-Cup 18th"]
[Site "Kallithea"]
[Date "2002.09.25"]
[Round "4.3"]
[White "Borriss, Martin"]
[Black "Horvath, Adam"]
[Result "0-1"]
[WhiteElo "2439"]
[BlackElo "2476"]
[Annotator "Atlas,V"]
[PlyCount "98"]
[EventDate "2002.09.22"]
[EventType "team-swiss"]
[EventRounds "7"]
[EventCountry "GRE"]
[SourceTitle "CBM 092"]
[Source "ChessBase"]
[SourceDate "2003.02.06"]
[SourceVersion "1"]
[SourceVersionDate "2003.02.06"]
[SourceQuality "1"]
[WhiteTeam "Berlin SF"]
[BlackTeam "Zalaegerszeg"]
[WhiteTeamCountry "GER"]
[BlackTeamCountry "HUN"]

1. e4 {Hecht} c5 2. Nf3 e6 3. d4 cxd4 4. Nxd4 a6 5. Nc3 Qc7 6. Be2 b5 7. f4 Bb7
8. Bf3 Nc6 9. Nxc6 Qxc6 10. Qe2 Rc8 11. a3 Bc5 12. e5 Qb6 13. Bxb7 Qxb7 14. Be3
Bxe3 15. Qxe3 Qxg2 16. O-O-O Ne7 17. Rhg1 Nf5 18. Qd3 Qc6 19. Kb1 O-O 20. Qxd7
Qc4 21. Qb7 Qxf4 22. Qxa6 Ne3 23. Rd3 Qxh2 24. Rc1 Nc4 25. Nxb5 Qxe5 26. Nd4
Rfd8 27. Rcd1 h5 28. b3 Na5 29. Nxe6 Re8 30. Nxg7 Qe2 (30... Kxg7 {falls short
of} 31. Rd5 $1 Qe2 $140 $2 32. Rg1+ Kh7 33. Qxe2 Rxe2 34. Rxh5#) (30... Ra8 {
deserved here a serious attention.}) 31. R1d2 Qf1+ 32. Rd1 Qe2 33. Qxa5 $4 ({
A big mistake. White obviously underestimates Black's attacking chances. After
} 33. Rc1 {White retained excellent winning chances.}) (33. R1d2 $11 {Hecht})
33... Qxc2+ 34. Ka1 Ra8 35. Qb4 $2 ({A final mistake. Essential was} 35. R3d2
Qxb3 36. Rd3 Rxa5 37. Rxb3 Kxg7 $17) 35... Re2 $1 {After this efficient rook
thrust Blacks' attack becomes irresistible.} (35... Reb8 {was a plausible
alternative to the text move:} 36. Qd6 Rb6 37. Qe7 Rb7 38. Qd6 Rd7 {, winning.}
) 36. R3d2 (36. R1d2 {fails to} Re1+) 36... Rxd2 37. Rxd2 Qc1+ 38. Ka2 {
[%tqu "En","White has been rather careless. How can Black highlight this?",
"Exploit the shaky position of the white rook.","Sacrifice your rook to
deflect the white queen.","a8a3","This simple and efficient move yields Black
a decisive advantage.",3]} Rxa3+ $1 {[%csl Rb4,Rd2,Rg7][%cal Gc1d2,Gc1a3] The
decisive blow!} 39. Qxa3 Qxd2+ 40. Kb1 (40. Qb2 {loses after} Qxb2+ 41. Kxb2
Kxg7 42. b4 Kf6 43. Kc3 h4) 40... Qd1+ 41. Kb2 Qd4+ 42. Kc2 Kxg7 {The queen
ending is easily won for Black.  Hecht: 'Damenendspiel bei 1-2 Bauern und
starkem schwarzen Randfreibauer. Der weiße Freibauer kommt nicht recht voran. '
} 43. Qe7 Qf2+ 44. Kd1 Qg3 45. b4 h4 46. Qe4 h3 47. Ke2 (47. Qd4+ $142 {Hecht}
f6 48. Qd7+ Kh6 49. Qd8 {um mit der Dame von hinten zu kommen, auch wenn
Schwarz gewinnen muss.}) 47... h2 48. b5 Qg5 49. Qd4+ Kg8 0-1

[Event "AUT-chT 0001"]
[Site "Austria"]
[Date "2000.11.17"]
[Round "3.5"]
[White "Atlas, Valeri"]
[Black "Horvath, Jozsef"]
[Result "1/2-1/2"]
[WhiteElo "2468"]
[BlackElo "2538"]
[Annotator "Atlas,V"]
[PlyCount "116"]
[EventDate "2000.10.21"]
[EventType "team-tourn"]
[EventRounds "11"]
[EventCountry "AUT"]
[SourceTitle "CBM 080"]
[Source "ChessBase"]
[SourceDate "2001.01.25"]
[SourceVersion "1"]
[SourceVersionDate "2001.01.25"]
[SourceQuality "1"]
[WhiteTeam "Hohenems SK"]
[BlackTeam "Austria Husek/Ottakring"]
[WhiteTeamCountry "AUT"]
[BlackTeamCountry "AUT"]

1. e4 c5 2. Nf3 e6 3. d4 cxd4 4. Nxd4 Nc6 5. Nc3 Qc7 6. g3 a6 7. Bg2 Nf6 8. O-O
Nxd4 9. Qxd4 Bc5 10. Bf4 d6 11. Qd2 h6 12. Rad1 e5 13. Be3 Be6 14. Bxc5 dxc5
15. Nd5 Bxd5 16. exd5 Qd6 17. f4 O-O 18. fxe5 Qxe5 19. d6 $1 {[%csl Rb7][%cal
Gg2b7,Gd6d7,Gd1d6]} (19. c4 {does not promise to White any advantage:} Qd6 20.
Rde1 (20. Qf4 Rad8 21. Rde1 Qxf4 22. Rxf4 Rfe8 23. Kf2 Rxe1 24. Kxe1 Ne8 25.
Kd2 Nd6 26. b3 g5 27. Rf2 Kg7 {0-1 Semakoff,A-Bergstrom,C/Gausdal 1982/MCD (53)
}) 20... Rfe8 21. b3 Rxe1 22. Rxe1 Re8 23. a4 Kf8 24. a5 Rxe1+ 25. Qxe1 Nd7 26.
Bh3 Ne5 27. Qe4 Qc7 28. Bg2 f6 29. Qf5 {1/2-1/2 Kalashnikov,K-Fominyh,A/Ch
Russia (1/2 final), Novosibirsk (Rus 1998/Inf 01 (74)}) 19... Qxb2 20. c4 $1
$146 ({This new move is much stronger than} 20. Rb1 Qxa2 21. Rxb7 Rad8 22. Rd1
Rfe8 23. Qf2 Re5 24. Ra7 Qc4 25. h3 h5 26. Bf1 Qe6 27. Qf4 Re4 28. Qg5 Rd4 29.
Rxd4 cxd4 30. Rxa6 Rxd6 {0-1 Horvath,T-Fominyh,A/Budapest 1996/CBM 56/(87)})
20... Qxd2 ({Avoiding queen exchange cannot be recommended for Black, as after
} 20... Qe5 21. Rfe1) ({or} 20... Qb6 21. Rxf6 (21. Rb1 $16) 21... gxf6 22.
Qxh6 {he is in trouble.}) 21. Rxd2 {[%csl Rb7][%cal Gf1b1,Gb1b7,Gg2b7]} Rab8
22. Rb1 ({Another interesting option here is} 22. a4 $5) 22... b5 (22... b6 {
is strongly met by} 23. Bc6) 23. cxb5 axb5 (23... Rxb5 {was to be preferred,
as after the text White keeps a small edge.} 24. Rc1 (24. Rxb5 axb5 25. Bc6 (
25. Rc2 Rd8 26. Rxc5 Rxd6 27. Rxb5 Rd1+ 28. Bf1 Ng4 29. Rb2 Ne3 30. Rf2 Ra1 31.
Rf3 $11) 25... b4 26. Rc2 (26. d7 Rd8 27. Rc2 Kf8 28. Rxc5 Nxd7 29. Rb5 Nf6 30.
Rxb4 Rd1+) 26... Rd8) 24... Rd8 25. Bc6 (25. Bf1 Ne4) (25. d7 Rb6) 25... Rb6
26. Rxc5 Rc8 (26... Nd7 27. Bxd7 Rxd7 28. Rc8+ Kh7 29. Rc7 Rdxd6 30. Rxd6 Rxd6
31. Rxf7 Rd2 32. Rf2) 27. Rdc2 (27. d7 Nxd7) 27... Rd8 28. Rd2 (28. d7 Nxd7 29.
Rd5 Rc8) 28... Rc8 $11) 24. Rc2 {[%csl Rb5,Rc5][%cal Gc2c5,Gb1b5,Gg2c6]} Rfc8
25. Bh3 Rd8 26. Rxc5 Rxd6 {Only this pawn thrust allows White to fight for a
small advantage.} 27. a4 $1 {[%cal Gb1b8,Ga4a5,Ga4b5]} ({After} 27. Rcxb5 Rxb5
28. Rxb5 Rd1+ 29. Bf1 Ng4 30. Rb2 Ne3 31. Rf2 Ra1 32. Rf3 {the chances are
equal.}) 27... b4 28. Rc8+ $2 ({This careless move yields Black upperhand.
After the consequent} 28. Rb5 $142 $1 $14 Rxb5 29. axb5 Nd5 30. Bg2 {White
retains a small but durable advantage.}) 28... Rxc8 29. Bxc8 Rb6 30. a5 Rb8 31.
Bf5 Rb5 32. Bd3 Rxa5 33. Rxb4 g6 34. Rb7 Ng4 35. Rb2 Kg7 36. Be2 Ra1+ 37. Kg2
Ne5 38. Rc2 h5 39. Rb2 Nc6 40. Rd2 Ne7 41. Bf3 Nf5 42. Kf2 Kf6 43. Be4 Ng7 44.
Bd5 g5 45. Ra2 Rc1 46. Ra6+ Ne6 47. Ra2 Nc5 48. Ke3 Kg6 49. Kd4 Nd7 50. Be4+
Kg7 51. Ra5 Rd1+ 52. Bd3 Kf6 53. Rf5+ Ke6 54. Rxg5 f6 55. Ra5 ({It is much
simpler than} 55. Rxh5 Ne5 56. Rxe5+ fxe5+ 57. Ke3) 55... Ne5 56. Ra6+ Ke7 57.
Ra7+ Kd6 58. Ra6+ Ke7 ({After} 58... Kc7 59. Ra7+ Kb6 60. Ra6+ Kb7 61. Ra3 Nf3+
62. Ke3 Nxh2 63. Be2 Rd5 64. Ra4 {draw is inevitable.}) 1/2-1/2

[Event "AUT-chT 9697"]
[Site "Austria"]
[Date "1996.??.??"]
[Round "9"]
[White "Wittmann, Walter"]
[Black "Sommerbauer, Norbert"]
[Result "1/2-1/2"]
[WhiteElo "2370"]
[BlackElo "2350"]
[Annotator "Balinov,I"]
[PlyCount "46"]
[EventDate "1996.??.??"]
[EventType "team"]
[EventRounds "11"]
[EventCountry "AUT"]
[SourceTitle "CBM 057 Extra"]
[Source "ChessBase"]
[SourceDate "1997.05.01"]
[SourceVersion "1"]
[SourceVersionDate "1997.05.01"]
[SourceQuality "1"]

1. e4 c5 2. Nf3 e6 3. d4 cxd4 4. Nxd4 Nc6 5. Nc3 Qc7 6. g3 a6 7. Bg2 Nf6 8. O-O
Nxd4 9. Qxd4 Bc5 10. Bf4 d6 11. Qd3 (11. Qd2 {Chernin} h6 12. Na4 e5 13. Nxc5
dxc5 14. Be3 Ng4 $10) 11... Nd7 12. Na4 e5 13. Bd2 b5 14. Nxc5 Nxc5 15. Qa3 O-O
16. Ba5 Qc6 17. Rad1 (17. Rfe1 Bg4 $1 $10) 17... Be6 (17... Bg4 $5 18. Rd2 Ra7)
18. Rd2 Nxe4 19. Bb4 a5 (19... Rfd8 $2 20. Bxd6 Rxd6 21. Bxe4 Bd5 22. Rfd1 Rad8
23. Rxd5 Rxd5 24. Rxd5 Rxd5 25. Qf3 $18) 20. Bxd6 Bh3 21. Bxe4 Qxe4 22. f3 Qc4
23. Rfd1 Rfe8 1/2-1/2